00611nam a2200217Ia 4500003000900000008004100009040001300050040001300063041000800076100001900084245002400103250001200127260001400139260000900153300001100162300001000173490000600183942000700189999001700196952018000213IT-RoPAU120407s9999 xx 000 0 und d aIT-RoPAU cIT-RoPAU aita aIgnazio Silone aUscita di sicurezza aMilano  aLonganesi c1971 a248 p. c18 cm v1 cBK c30276d30276 00102ddc406920_00000000000000071aPAULUSbPAULUSd2012-04-11l0o920.0r2012-04-11 00:00:00w2012-04-11yBKzInserito da: In data: n.d. fondo: Via A.Severo 56 Progr:36386